| 000 | nam a22 a 4500 | ||
|---|---|---|---|
| 999 |
_c186141 _d186141 |
||
| 003 | BLK | ||
| 005 | 20221103115803.0 | ||
| 008 | 180411b bul|||||r ||||||| ||bul|| | ||
| 010 | _aKNG00195135000 | ||
| 040 | _aBLK | ||
| 041 |
_aBUL _cBUL |
||
| 080 |
_aНемска литература _b821.112.2 _x-3 _z821.112.2-3 |
||
| 100 | 1 |
_aМан, Хайнрих _eпърви автор _9368237 |
|
| 139 |
_aМан, Хайнрих _bМ 25 |
||
| 245 | 1 | 0 |
_aБедните _bРоман _cХайнрих Ман; прев. от нем. Елена Николова-Руж. |
| 257 | _aDEU | ||
| 260 |
_bПрофиздат _c1977 _aСофия |
||
| 300 |
_a200 с. _c21 см |
||
| 380 | _aX | ||
| 700 | 1 |
_aНиколова-Руж, Елена _eпрев. от нем. _9367610 |
|
| 852 | _aЦб 88974 | ||
| 856 | 4 |
_qpdf _i0.00 _ldisable |
|
| 856 | 4 |
_qpdf _i0.00 _ldisable |
|
| 942 |
_cKNG _n0 _s1 |
||
| 944 |
_aCR _c03.11.2016 _kСтанимира_Цанева |
||
| 944 |
_aED _c03.11.2016 _kСтанимира_Цанева |
||
| 999 | _d186141 | ||